ADVANCES IN CHROMATOGRAPHY (Record no. 7895)

MARC details
000 -LEADER
fixed length control field 00444nam a22001697a 4500
005 - DATE AND TIME OF LATEST TRANSACTION
control field 20240108110949.0
008 - FIXED-LENGTH DATA ELEMENTS--GENERAL INFORMATION
fixed length control field 220209b ||||| |||| 00| 0 eng d
020 ## - INTERNATIONAL STANDARD BOOK NUMBER
ISBN 978.93-83971-22-0
041 ## - LANGUAGE CODE
Language code of text/sound track or separate title eng
082 ## - DEWEY DECIMAL CLASSIFICATION NUMBER
Classification number 543
100 ## - MAIN ENTRY--AUTHOR NAME
Personal name BAGADE, DR. SHASHIKANT B , TAJNE M.R AND GOKHALE S.B
245 ## - TITLE STATEMENT
Title ADVANCES IN CHROMATOGRAPHY
260 ## - PUBLICATION, DISTRIBUTION, ETC. (IMPRINT)
Place of publication PUNE
Name of publisher NIRALI PRAKASHAN
300 ## - PHYSICAL DESCRIPTION
Number of Pages B.1;p
650 ## - SUBJECT ADDED ENTRY--TOPICAL TERM
Topical Term PHARMACY
General subdivision B.PHARMA
942 ## - ADDED ENTRY ELEMENTS (KOHA)
Koha item type Books
Holdings
Lost status Damaged status Collection code Home library Current library Shelving location Date acquired Source of acquisition Cost, normal purchase price Full call number Accession Number Koha item type
    Reference JRU Library JRU Library SHELF-3-D 09/02/2022 PURCHASE 100.00 543 26141 Books
    PHARMACY JRU Library JRU Library Shelf - 22- A 09/02/2022 PURCHASE 100.00 543 26142 Books
    PHARMACY JRU Library JRU Library Shelf - 22- A 09/02/2022 PURCHASE 100.00 543 26143 Books